El fin del imperio español en América

Gardado en:
Detalles Bibliográficos
Autor Principal: André, Marius (Author)
Formato: Libro
Idioma:Lingua castelá
Publicado: Barcelona Araluce 1939
Subjects:
Tags: Engadir etiqueta
Sen Etiquetas, Sexa o primeiro en etiquetar este rexistro!

MARC

LEADER 00000nam a2200000 a 4500
001 UCO2700
003 CL-VaPUC
008 000608e19390000SP |||||||||||||||||spa|d
082 0 4 |a 980.02  |b AND  |2 21 
100 0 |a André, Marius  |e author  |9 446239 
245 1 3 |a El fin del imperio español en América 
300 |a 201 p 
942 |c BK 
945 |d 20000608 00:00:00  |a rherrera 
260 |a Barcelona  |b Araluce  |c 1939 
650 0 |a Historia de américa siglo 19  |9 406763 
650 0 |a Independencia Americana  |9 395691 
650 0 |a Imperialismo  |9 258264 
651 0 |a América  |9 255182 
583 |a last modification  |c 20160829 01:37:11  |k Rodrigo Vera 
999 |c 289199  |d 289197 
952 |0 0  |1 0  |4 0  |6 980_020000000000000_AND_1939  |7 0  |8 X  |9 337424  |a BIBHIS  |b BIBHIS  |d 2019-11-20  |i 1294326  |o 980.02 AND 1939  |p 1294326  |r 2024-01-30  |w 2019-11-20  |y BK_X  |k HIS